Анализ конструкций резьбовых соединений, применяемых при вращательно-ударном бурении; Труды IX научно-практической конференции студентов и учащейся молодежи г. Юрги, 7-9 апреля 2005 года

Bibliografiske detaljer
Parent link:Труды IX научно-практической конференции студентов и учащейся молодежи г. Юрги, 7-9 апреля 2005 года.— 2005.— С. 5-6
Hovedforfatter: Абрамик С. А.
Andre forfattere: Землина М. В.
Sprog:russisk
Udgivet: 2005
Fag:
Format: MixedMaterials Book Chapter
KOHA link:https://koha.lib.tpu.ru/cgi-bin/koha/opac-detail.pl?biblionumber=137972

MARC

LEADER 00000naa2a2200000 4500
001 137972
005 20231031141235.0
035 |a (RuTPU)RU\TPU\book\149509 
090 |a 137972 
100 |a 20080519d2005 k y0rusy50 ca 
101 0 |a rus 
102 |a RU 
200 1 |a Анализ конструкций резьбовых соединений, применяемых при вращательно-ударном бурении  |f С. А. Абрамик, М. В. Землина 
463 0 |0 (RuTPU)RU\TPU\book\118412  |t Труды IX научно-практической конференции студентов и учащейся молодежи г. Юрги, 7-9 апреля 2005 года  |f Юргинский технологический институт (филиал); Томский политехнический университет; под ред. О. Ю. Ретюнского  |v С. 5-6  |d 2005  |p 56 с. 
610 1 |a резьбовые соединения 
610 1 |a бурение 
610 1 |a вращательно-ударное бурение 
610 1 |a ниппельные соединения 
610 1 |a труды учёных ТПУ 
700 1 |a Абрамик  |b С. А. 
701 1 |a Землина  |b М. В. 
801 1 |a RU  |b 63413507  |c 20080519  |g PSBO 
801 2 |a RU  |b 63413507  |c 20091117  |g RCR 
942 |c BK